000 01001 a2200337 4500
001 200129601
999 _c200129601
_d37443
003 TR-AnTOB
005 20200814144225.0
008 140704s1991 tu 000 0
020 _a9759555166
040 _aTR-AnTOB
041 _atur
050 _aTJ840.
_b.M4719 2000
090 _aTJ840.M4719 2000
100 1 _aMerkle, D.
_986778
245 1 0 _aElektrohidrolik /
_cD. Merkle ; çeviri, H. Karcı.
246 3 _aElectro-hydraulics.
264 1 _aİstanbul:
_bFesto,
_c1991.
300 _a286 p. :
_bill. ;
_c29 cm.
500 _aTemel seviye TP601, öğretim kitabı.
500 _aTranslation of Electro-hydraulics.
590 _aProf.Dr.Yücel Ercan tarafından bağışlanmıştır.
650 7 _aHidrolik devreler
_2etuturkob
_990008
650 0 _aHydraulic circuits
_990007
650 0 _aHidrolik kontrol
_917152
650 0 _aHydraulic control
_917153
700 1 _aKarcı, H.
_986779
730 0 2 _aElectro-hydraulics.
942 _cBK